Cargando...
Yoga and Your Heart
| Autor Principal: | |
|---|---|
| Formato: | Printed Book |
| Publicado: |
Bombay
Jaico Publishing
1983
|
| LEADER | 00386nam a22001217a 4500 | ||
|---|---|---|---|
| 082 | |a 613.7046 |b DAT/YO | ||
| 100 | |a Datey,K K | ||
| 245 | |a Yoga and Your Heart | ||
| 260 | |a Bombay |b Jaico Publishing |c 1983 | ||
| 300 | |a 240p. | ||
| 942 | |c BK | ||
| 999 | |c 6288 |d 6288 | ||
| 952 | |0 0 |1 0 |4 0 |6 613_704600000000000_DAT_YO |7 0 |8 NFIC |9 7883 |a KUFOS |b KUFOS |c GEN |d 2016-06-14 |o 613.7046 DAT/YO |p 08707 |r 2016-06-14 |w 2016-06-14 |y BK | ||